[Event "FRA T I 120102011"]
[Site "FRA"]
[Date "2010.12.11"]
[Round "4.7"]
[White "Bleuzen, Cedric"]
[Black "Stephan, Jean Marie"]
[Result "1/2-1/2"]
[WhiteElo "2046"]
[BlackElo "2248"]
[PlyCount "86"]
[EventDate "2010.10.17"]
[EventType "team-match"]
[EventRounds "9"]
[EventCountry "FRA"]
[Source "FFE"]
[SourceDate "2010.10.29"]
[BlackTeamCountry "FRA"]

1. c4 g6 2. g3 Bg7 3. Bg2 Nf6 4. Nc3 d6 5. Nf3 O-O 6. O-O Nc6 7. d3 e5 8. e4 h6
9. h3 Be6 10. Nd5 Nh7 11. Be3 Nd4 12. Nxd4 exd4 13. Bd2 c6 14. Nf4 Bd7 15. Qc1
Qc8 16. Kh2 Ng5 17. h4 Nh7 18. Nh3 Nf6 19. f3 h5 20. Bg5 Re8 21. Qf4 Re6 22.
Rae1 Qf8 23. Qc1 Nh7 24. Bd2 Ree8 25. b3 Nf6 26. Qa3 a5 27. Bf4 c5 28. Bd2 b5
29. Qb2 a4 30. b4 a3 31. Qb3 Reb8 32. Nf4 bxc4 33. Qxc4 Bb5 34. Qb3 Nd7 35.
Nxg6 Qe8 36. e5 c4 37. dxc4 Ba4 38. Qb1 fxg6 39. exd6 Qf7 40. f4 Qxc4 41. Qxg6
Qf7 42. Qg5 Rb5 43. f5 Re8 {suite illisible} 1/2-1/2

[Event "FRA T I 120102011"]
[Site "FRA"]
[Date "2010.12.11"]
[Round "4.5"]
[White "Ozenne, Corentin"]
[Black "Rabhi, Chamss Eddine"]
[Result "1-0"]
[WhiteElo "2104"]
[BlackElo "2059"]
[PlyCount "83"]
[EventDate "2010.10.17"]
[EventType "team-match"]
[EventRounds "9"]
[EventCountry "FRA"]
[Source "FFE"]
[SourceDate "2010.10.29"]
[BlackTeamCountry "FRA"]

1. d4 Nf6 2. c4 e6 3. Nf3 Bb4+ 4. Nbd2 O-O 5. a3 Be7 6. e4 b6 7. Bd3 d6 8. Qc2
Nh5 9. Nf1 e5 10. dxe5 dxe5 11. Nxe5 Bd6 12. Nf3 Nf4 13. Bxf4 Bxf4 14. Ng3 Bg4
15. Be2 Nc6 16. Rd1 Qf6 17. O-O Bxf3 18. Bxf3 Nd4 19. Qd3 Nxf3+ 20. Qxf3 Bxg3
21. Qxf6 Bxh2+ 22. Kxh2 gxf6 23. Rd7 Rfe8 24. f3 Rac8 25. Rfd1 a5 26. b4 Re5
27. R7d5 axb4 28. axb4 Kf8 29. Rxe5 fxe5 30. c5 bxc5 31. bxc5 c6 32. Rd6 Rc7
33. Kg3 Kg7 34. Kg4 Rc8 35. Kf5 h5 36. Kxe5 h4 37. Kf4 Rg8 38. Kg4 Kf8+ 39. Kh3
Rg3+ 40. Kh2 Rg6 41. Rxg6 fxg6 42. Kh3 1-0

[Event "FRA T I 120102011"]
[Site "FRA"]
[Date "2010.11.14"]
[Round "3.8"]
[White "Nadin, Stephanie"]
[Black "Dacalor, Aurelie"]
[Result "1/2-1/2"]
[WhiteElo "1792"]
[BlackElo "1929"]
[PlyCount "83"]
[EventDate "2010.10.17"]
[EventType "team-match"]
[EventRounds "9"]
[EventCountry "FRA"]
[Source "FFE"]
[SourceDate "2010.10.29"]
[BlackTeamCountry "FRA"]

1. d4 Nf6 2. c4 d6 3. Nc3 g6 4. e4 Bg7 5. f3 Nbd7 6. Be3 e5 7. d5 O-O 8. Qd2 a5
9. Bg5 Nc5 10. h4 Qe8 11. Nb5 Qd7 12. Bxf6 Bxf6 13. g4 Nxe4 14. Qh2 Nc5 15. g5
Bd8 16. O-O-O Qe7 17. Ne2 e4 18. fxe4 Qxe4 19. Ng3 Qf4+ 20. Kb1 h5 21. Be2 Ne4
22. Nxe4 Qxe4+ 23. Bd3 Qg4 24. Rdg1 Qd7 25. Nc3 Be7 26. Ne4 Qd8 27. Qf2 Bf5 28.
Rg3 Bxe4 29. Bxe4 Qd7 30. Qc2 Kg7 31. Rf1 c6 32. Qc3+ Kg8 33. Qc2 Kg7 34. Qc3+
Kh7 35. Qf3 c5 36. Qxh5+ Kg8 37. Bxg6 fxg6 38. Qxg6+ Kh8 39. Qh6+ Kg8 40. Qg6+
Kh8 41. Qh6+ Kg8 42. Qg6+ 1/2-1/2

[Event "FRA T I 120102011"]
[Site "FRA"]
[Date "2010.11.14"]
[Round "3.4"]
[White "Grill, Marc"]
[Black "Piankov, Evgenij"]
[Result "1/2-1/2"]
[WhiteElo "2178"]
[BlackElo "2341"]
[PlyCount "80"]
[EventDate "2010.10.17"]
[EventType "team-match"]
[EventRounds "9"]
[EventCountry "FRA"]
[Source "FFE"]
[SourceDate "2010.10.29"]
[WhiteTeam "Nantes"]
[BlackTeam "Issy-Les-Moulineaux"]
[WhiteTeamCountry "FRA"]
[BlackTeamCountry "FRA"]

1. e4 c6 2. d4 d5 3. Nc3 dxe4 4. Nxe4 Bf5 5. Ng3 Bg6 6. Nf3 Nf6 7. h4 Nh5 8.
Nxh5 Bxh5 9. Bc4 e6 10. c3 Be7 11. Qb3 b5 12. Be2 Nd7 13. Be3 Nb6 14. Rg1 Bxf3
15. Bxf3 Nd5 16. h5 Bg5 17. a4 Bxe3 18. fxe3 Qh4+ 19. Ke2 Qg5 20. e4 Nf4+ 21.
Kf2 O-O 22. axb5 Rab8 23. c4 Nxh5 24. Rgd1 Qg3+ 25. Kf1 Nf4 26. Qe3 cxb5 27. c5
f5 28. e5 Rf7 29. Qf2 Qg5 30. Ra6 Re7 31. Rd6 a5 32. c6 Rc8 33. Qd2 b4 34. d5
Qg3 35. dxe6 Rce8 36. Bd5 Nxd5 37. Qxd5 Qf4+ 38. Kg1 Qe3+ 39. Kf1 Qf4+ 40. Kg1
Qe3+ 1/2-1/2

[Event "FRA T I 120102011"]
[Site "FRA"]
[Date "2010.11.14"]
[Round "3.2"]
[White "Tripoteau, Nicolas"]
[Black "Kozakov, Mikhail"]
[Result "0-1"]
[WhiteElo "2421"]
[BlackElo "2443"]
[PlyCount "80"]
[EventDate "2010.10.17"]
[EventType "team-match"]
[EventRounds "9"]
[EventCountry "FRA"]
[Source "FFE"]
[SourceDate "2010.10.29"]
[WhiteTeamCountry "FRA"]
[BlackTeamCountry "FRA"]

1. d4 Nf6 2. Nf3 d5 3. e3 e6 4. Bd3 c5 5. b3 Nc6 6. Bb2 Be7 7. Nbd2 O-O 8. O-O
b6 9. a3 Bb7 10. Ne5 Nd7 11. f4 f5 12. g4 Ndxe5 13. dxe5 c4 14. bxc4 Bc5 15.
Qe2 Na5 16. gxf5 exf5 17. Rad1 Qh4 18. Rf2 Bxe3 19. Kf1 Bxf2 20. Qxf2 Qxf2+ 21.
Kxf2 Rac8 22. cxd5 Bxd5 23. Nf3 Be4 24. Nd4 Nc4 25. Bc1 g6 26. Ne6 Rfe8 27. Ng5
Ba8 28. a4 h6 29. Nh3 Na5 30. Ba3 Bc6 31. Ba6 Rcd8 32. Rd6 Rxd6 33. Bxd6 Bxa4
34. c3 Bb3 35. Ke3 Bc4 36. Bxc4+ Nxc4+ 37. Kd4 Nxd6 38. exd6 Kf7 39. Kd5 Re2
40. Ng1 Rf2 0-1

[Event "FRA T I 120102011"]
[Site "FRA"]
[Date "2010.11.14"]
[Round "3.8"]
[White "Le Bail, Clara"]
[Black "Fruteau, Sabine"]
[Result "1-0"]
[WhiteElo "2044"]
[BlackElo "2123"]
[PlyCount "77"]
[EventDate "2010.10.17"]
[EventType "team-match"]
[EventRounds "9"]
[EventCountry "FRA"]
[Source "FFE"]
[SourceDate "2010.10.29"]
[WhiteTeamCountry "FRA"]
[BlackTeamCountry "FRA"]

1. e4 e5 2. Nf3 Nc6 3. Bc4 Bc5 4. c3 Nf6 5. d3 d6 6. Bb3 Bb6 7. O-O O-O 8. Nbd2
Ne7 9. h3 c6 10. Re1 Ng6 11. Nf1 Be6 12. Ng3 Qd7 13. d4 h6 14. Bc2 Rad8 15. Be3
Qc8 16. Qc1 Kh7 17. Nf5 Ng8 18. h4 f6 19. h5 N6e7 20. N3h4 Nxf5 21. exf5 Bf7
22. Ng6 Rfe8 23. dxe5 dxe5 24. Bxb6 axb6 25. Re3 Bd5 26. Qe1 Qc7 27. f4 e4 28.
Bxe4 Bxe4 29. Rxe4 Qd7 30. Qe2 Rxe4 31. Qxe4 Re8 32. Qc2 Ne7 33. Re1 Nd5 34.
Re6 Rd8 35. a3 Qc7 36. Qf2 Qd7 37. Qe2 b5 38. Kh2 c5 39. Qe4 1-0

[Event "FRA T I 120102011"]
[Site "FRA"]
[Date "2010.11.14"]
[Round "3.7"]
[White "Migne, Christophe"]
[Black "Auvray, Juliette"]
[Result "1-0"]
[WhiteElo "1981"]
[BlackElo "2010"]
[PlyCount "75"]
[EventDate "2010.10.17"]
[EventType "team-match"]
[EventRounds "9"]
[EventCountry "FRA"]
[Source "FFE"]
[SourceDate "2010.10.29"]
[WhiteTeamCountry "FRA"]
[BlackTeamCountry "FRA"]

1. e4 c5 2. d4 cxd4 3. c3 dxc3 4. Nxc3 Nc6 5. Nf3 e6 6. Bc4 a6 7. O-O Nge7 8.
Be3 b5 9. Be2 Ng6 10. Rc1 Be7 11. Qd2 O-O 12. Rfd1 f5 13. exf5 Rxf5 14. Bd3 Rf7
15. Be4 Qf8 16. Nd4 Bb7 17. Bxc6 Bxc6 18. Nxc6 dxc6 19. Qd7 Bh4 20. Qxe6 Re8
21. Qb3 Kh8 22. g3 Be7 23. Ne4 Ne5 24. f4 Ng4 25. Bd4 h5 26. Rxc6 Rd8 27. h3
Nf6 28. Ng5 Nd5 29. Nxf7+ Qxf7 30. Be5 h4 31. gxh4 Kg8 32. Qg3 Nf6 33. Rxd8+
Bxd8 34. Rc8 Qa7+ 35. Kh2 Qb6 36. Bc7 Qc6 37. Qc3 Qd7 38. Rxd8+ 1-0

[Event "FRA T I 120102011"]
[Site "FRA"]
[Date "2010.11.14"]
[Round "3.2"]
[White "Monroy, Charles"]
[Black "Favarel, Julien"]
[Result "1-0"]
[WhiteElo "2436"]
[BlackElo "2299"]
[PlyCount "75"]
[EventDate "2010.10.17"]
[EventType "team-match"]
[EventRounds "9"]
[EventCountry "FRA"]
[Source "FFE"]
[SourceDate "2010.10.29"]
[WhiteTeamCountry "FRA"]
[BlackTeamCountry "FRA"]

1. Nf3 Nf6 2. c4 g6 3. b4 Bg7 4. Bb2 O-O 5. e3 a5 6. b5 d6 7. Qc2 e5 8. d3 Re8
9. Nc3 Nbd7 10. Be2 Nf8 11. O-O b6 12. Nd2 Bb7 13. Bf3 Bxf3 14. Nxf3 Qd7 15.
Rfd1 Ne6 16. Rac1 Rac8 17. Nd2 Rf8 18. Nd5 Ne8 19. Re1 Kh8 20. f4 Qd8 21. Nf3
exf4 22. Bxg7+ N6xg7 23. exf4 Nf6 24. Ne7 Ra8 25. Qc3 Ng8 26. Nd5 Qd7 27. Re4
Rae8 28. Rce1 Rxe4 29. dxe4 h6 30. Nd4 Kh7 31. f5 Re8 32. fxg6+ fxg6 33. Qf3
Ne6 34. Nxe6 Rxe6 35. Rf1 Qg7 36. Qf8 Qxf8 37. Rxf8 Kg7 38. Rc8 1-0

[Event "FRA T I 120102011"]
[Site "FRA"]
[Date "2010.11.14"]
[Round "3.6"]
[White "Auvray, Simon"]
[Black "Garnier, Teddy"]
[Result "1-0"]
[WhiteElo "2026"]
[BlackElo "1938"]
[PlyCount "73"]
[EventDate "2010.10.17"]
[EventType "team-match"]
[EventRounds "9"]
[EventCountry "FRA"]
[Source "FFE"]
[SourceDate "2010.10.29"]
[WhiteTeam "St Lo"]
[BlackTeamCountry "FRA"]

1. e4 c6 2. d4 d5 3. Nc3 dxe4 4. Nxe4 Bf5 5. Ng3 Bg6 6. h4 h6 7. Nh3 e6 8. Bc4
Nf6 9. Nf4 Bh7 10. Be3 Bd6 11. Ngh5 Nxh5 12. Nxh5 Rg8 13. Qg4 Bf5 14. Qf3 Nd7
15. O-O-O Qa5 16. Bf4 Qc7 17. g4 Bh7 18. Rhe1 Bxf4+ 19. Nxf4 O-O-O 20. g5 e5
21. g6 exf4 22. gxh7 Rgf8 23. Re7 Qd6 24. Rde1 Qxd4 25. Bxf7 Ne5 26. R7xe5 Rxf7
27. Re8 Qd2+ 28. Kb1 Rf8 29. R8e7 Kb8 30. a3 g5 31. Qb3 Rd7 32. Qg8 Rdd8 33.
Qg7 Ka8 34. Qxf8 Rxf8 35. Re8+ Qd8 36. Rxd8+ Rxd8 37. Re7 1-0

[Event "FRA T I 120102011"]
[Site "FRA"]
[Date "2010.11.14"]
[Round "3.2"]
[White "Dieu, Bruno"]
[Black "Mullon, Jean Baptiste"]
[Result "0-1"]
[WhiteElo "2303"]
[BlackElo "2422"]
[PlyCount "74"]
[EventDate "2010.10.17"]
[EventType "team-match"]
[EventRounds "9"]
[EventCountry "FRA"]
[Source "FFE"]
[SourceDate "2010.10.29"]
[WhiteTeam "Tours"]
[WhiteTeamCountry "FRA"]
[BlackTeamCountry "FRA"]

1. d4 d5 2. Nf3 Nf6 3. e3 c6 4. c4 Bg4 5. Qb3 Qc7 6. Ne5 Be6 7. Nc3 Nbd7 8.
Nxd7 Qxd7 9. Bd2 dxc4 10. Bxc4 Bxc4 11. Qxc4 e6 12. O-O Be7 13. b4 O-O 14. Rfd1
Nd5 15. Ne4 b6 16. Rac1 Rfc8 17. a4 a6 18. Qb3 Qb7 19. Rc2 Rc7 20. Rdc1 h6 21.
Ng3 Rd8 22. e4 Nf6 23. e5 Nh7 24. Be3 Nf8 25. f3 Ng6 26. f4 Qc8 27. d5 Rxd5 28.
Bxb6 Rcd7 29. Rc4 Rd3 30. Qb1 Qb7 31. a5 Nh4 32. Ne4 R7d5 33. Nf2 Rd2 34. Qe4
c5 35. bxc5 Qc6 36. R1c2 Rxc2 37. Qxc2 Rxc5 0-1

[Event "FRA T I 120102011"]
[Site "FRA"]
[Date "2010.11.14"]
[Round "3.5"]
[White "Fournet, Arnaud"]
[Black "Sorin, Baptiste"]
[Result "1-0"]
[WhiteElo "2171"]
[BlackElo "2223"]
[PlyCount "71"]
[EventDate "2010.10.17"]
[EventType "team-match"]
[EventRounds "9"]
[EventCountry "FRA"]
[Source "FFE"]
[SourceDate "2010.10.29"]
[BlackTeam "Sautron"]
[WhiteTeamCountry "FRA"]
[BlackTeamCountry "FRA"]

1. e4 c5 2. Nf3 d6 3. d4 cxd4 4. Nxd4 Nf6 5. Nc3 Nc6 6. Bc4 e6 7. Bb3 Be7 8.
O-O O-O 9. Kh1 Na5 10. f4 Nxb3 11. axb3 b6 12. f5 exf5 13. Nxf5 Bxf5 14. Rxf5
Qd7 15. Rf3 Qe6 16. Ra4 Rfd8 17. Rd4 Rac8 18. Bf4 Ng4 19. Nd5 Ne5 20. Bxe5 dxe5
21. Rdd3 b5 22. b4 Re8 23. c3 Bg5 24. Rf5 h6 25. g3 Rc4 26. Qe2 g6 27. Rf2 f5
28. exf5 gxf5 29. h4 Bd8 30. b3 Rg4 31. Ne3 Rxg3 32. Nxf5 Qc6+ 33. Kh2 Rxd3 34.
Qxd3 Kh8 35. Nd6 Kg7 36. Rf7+ 1-0

[Event "FRA T I 120102011"]
[Site "FRA"]
[Date "2010.11.14"]
[Round "3.2"]
[White "Inkiov, Ventzislav"]
[Black "Houska, Jovanka"]
[Result "1-0"]
[WhiteElo "2477"]
[BlackElo "2421"]
[PlyCount "69"]
[EventDate "2010.10.17"]
[EventType "team-match"]
[EventRounds "9"]
[EventCountry "FRA"]
[Source "FFE"]
[SourceDate "2010.10.29"]
[WhiteTeamCountry "FRA"]
[BlackTeamCountry "FRA"]

1. e4 c6 2. d4 d5 3. exd5 cxd5 4. c4 Nf6 5. Nc3 e6 6. Nf3 Bb4 7. Bd3 dxc4 8.
Bxc4 O-O 9. O-O a6 10. Bg5 b5 11. Bb3 Bb7 12. Ne5 Bxc3 13. bxc3 Nbd7 14. Nxd7
Qxd7 15. Bxf6 gxf6 16. Qg4+ Kh8 17. Qf4 Qe7 18. Rfe1 Rg8 19. d5 Rad8 20. Rad1
Rd6 21. Qh4 Rg5 22. f4 Rg7 23. f5 e5 24. Rd3 Qd7 25. Qe4 Rg5 26. Rf1 Bc8 27.
Rdf3 Bb7 28. Rd1 Bc8 29. c4 bxc4 30. Qxc4 Rxf5 31. Rc3 Bb7 32. Qc7 e4 33. Qb8+
Kg7 34. Rc7 Qb5 35. Rxb7 1-0

[Event "FRA T I 120102011"]
[Site "FRA"]
[Date "2010.11.14"]
[Round "3.6"]
[White "Heurtebize, Olivier"]
[Black "Beudaert, Xavier"]
[Result "1/2-1/2"]
[WhiteElo "2232"]
[BlackElo "2333"]
[PlyCount "70"]
[EventDate "2010.10.17"]
[EventType "team-match"]
[EventRounds "9"]
[EventCountry "FRA"]
[Source "FFE"]
[SourceDate "2010.10.29"]
[WhiteTeamCountry "FRA"]
[BlackTeamCountry "FRA"]

1. d4 Nf6 2. c4 c6 3. Nc3 d5 4. Nf3 e6 5. e3 Bd6 6. Bd3 Nbd7 7. O-O O-O 8. b3
dxc4 9. bxc4 e5 10. Qc2 Re8 11. Ne4 Nxe4 12. Bxe4 g6 13. dxe5 Nxe5 14. Bb2 Qc7
15. Nxe5 Bxe5 16. Bxe5 Qxe5 17. Bf3 Be6 18. c5 Bf5 19. Qb3 Re7 20. Qa3 h5 21.
Rad1 Kg7 22. Rd4 Rd7 23. Rxd7 Bxd7 24. Rd1 Bg4 25. Bxg4 hxg4 26. g3 Rh8 27. Rd7
Qa1+ 28. Kg2 Qf6 29. Qd3 Rh5 30. Qd4 Qxd4 31. exd4 b6 32. Rxa7 bxc5 33. dxc5
Rxc5 34. a4 Rc2 35. a5 Ra2 1/2-1/2

[Event "FRA T I 120102011"]
[Site "FRA"]
[Date "2010.11.14"]
[Round "3.5"]
[White "Wittmann, Marc"]
[Black "Bonn, Thomas"]
[Result "1/2-1/2"]
[WhiteElo "2259"]
[BlackElo "2253"]
[PlyCount "70"]
[EventDate "2010.10.17"]
[EventType "team-match"]
[EventRounds "9"]
[EventCountry "FRA"]
[Source "FFE"]
[SourceDate "2010.10.29"]
[WhiteTeamCountry "FRA"]
[BlackTeamCountry "FRA"]

1. e4 c5 2. Nf3 g6 3. d4 cxd4 4. Nxd4 Bg7 5. Nc3 Nc6 6. Be3 Nf6 7. Bc4 Qa5 8.
O-O O-O 9. Be2 d6 10. Nb3 Qd8 11. f4 a5 12. a4 Be6 13. g4 Bxb3 14. cxb3 Nd7 15.
Bc4 Rc8 16. Qf3 Nb6 17. Rad1 Nb4 18. e5 Nxc4 19. bxc4 Rxc4 20. Qxb7 Qc8 21.
Qxc8 Rfxc8 22. exd6 exd6 23. Rxd6 Bxc3 24. bxc3 Rxc3 25. Bb6 R3c4 26. Bxa5 Nc2
27. g5 Rxa4 28. Bd8 Rd4 29. Rxd4 Nxd4 30. Bf6 Nf5 31. Re1 Kf8 32. Bb2 Ng7 33.
Re3 Ne6 34. Be5 Rc4 35. Rf3 Nd4 1/2-1/2

[Event "FRA T I 120102011"]
[Site "FRA"]
[Date "2010.11.14"]
[Round "3.4"]
[White "Ozenne, Corentin"]
[Black "Sola, Flavien"]
[Result "0-1"]
[WhiteElo "2104"]
[BlackElo "1939"]
[PlyCount "69"]
[EventDate "2010.10.17"]
[EventType "team-match"]
[EventRounds "9"]
[EventCountry "FRA"]
[Source "FFE"]
[SourceDate "2010.10.29"]
[WhiteTeamCountry "FRA"]
[BlackTeamCountry "FRA"]

1. d4 Nf6 2. c4 c5 3. d5 e6 4. Nf3 exd5 5. cxd5 d6 6. Nc3 g6 7. g3 Bg7 8. Bg2
O-O 9. O-O a6 10. a4 Re8 11. Nd2 Nbd7 12. a5 b5 13. axb6 Nxb6 14. Nb3 Bd7 15.
Na5 Bb5 16. Re1 Qd7 17. h3 h5 18. e4 Nh7 19. Be3 Nc4 20. Nxc4 Bxc4 21. f4 Rab8
22. Qd2 Qb7 23. Ra4 Bb3 24. Ra3 Bc4 25. Ra4 Bb3 26. Ra3 Bc4 27. Rc1 Qxb2 28.
Qxb2 Rxb2 29. e5 dxe5 30. Na4 Rxg2+ 31. Kxg2 Bxd5+ 32. Kf1 exf4 33. Bxf4 c4 34.
Nc3 Be6 35. h4 {suite illisible} 0-1

[Event "FRA T I 120102011"]
[Site "FRA"]
[Date "2010.11.14"]
[Round "3.5"]
[White "Sorbe, Stephane"]
[Black "Carvallo, Henri"]
[Result "1/2-1/2"]
[WhiteElo "2352"]
[BlackElo "2154"]
[PlyCount "67"]
[EventDate "2010.10.17"]
[EventType "team-match"]
[EventRounds "9"]
[EventCountry "FRA"]
[Source "FFE"]
[SourceDate "2010.10.29"]
[WhiteTeamCountry "FRA"]
[BlackTeamCountry "FRA"]

1. e4 d6 2. Nc3 Nf6 3. g3 e5 4. Bg2 Be7 5. Nge2 Nbd7 6. O-O c6 7. d4 O-O 8. a4
b6 9. b3 Bb7 10. f4 a6 11. Bb2 Qc7 12. Qd2 b5 13. axb5 axb5 14. Rad1 Rfe8 15.
Kh1 Bf8 16. fxe5 dxe5 17. d5 b4 18. Na4 cxd5 19. exd5 Rac8 20. c4 bxc3 21.
Nexc3 Qb8 22. Qe2 Nc5 23. Nxc5 Bxc5 24. Rxf6 gxf6 25. Ne4 Be7 26. Qg4+ Kh8 27.
Qh5 Rg8 28. d6 Bd8 29. Rd2 Rg6 30. Qf5 Qa7 31. d7 Rc7 32. Bf3 Qe3 33. Re2 Qxb3
34. Kg2 {suite illisible} 1/2-1/2

[Event "FRA T I 120102011"]
[Site "FRA"]
[Date "2010.11.14"]
[Round "3.6"]
[White "Martinez, Jean Philippe"]
[Black "Geffroy, Laurent"]
[Result "0-1"]
[WhiteElo "2104"]
[BlackElo "2221"]
[PlyCount "68"]
[EventDate "2010.10.17"]
[EventType "team-match"]
[EventRounds "9"]
[EventCountry "FRA"]
[Source "FFE"]
[SourceDate "2010.10.29"]
[WhiteTeamCountry "FRA"]
[BlackTeamCountry "FRA"]

1. Nf3 Nf6 2. c4 e6 3. g3 d5 4. Bg2 Be7 5. O-O O-O 6. d4 dxc4 7. Ne5 Nc6 8.
Nxc6 bxc6 9. Na3 Bxa3 10. bxa3 Nd5 11. Qa4 Nb6 12. Qxc6 Rb8 13. Qc5 Qd6 14. Bf4
Qxc5 15. dxc5 Nd5 16. Bxd5 exd5 17. Bxc7 Rb2 18. Rfd1 Be6 19. e3 Rc8 20. Be5
Rb5 21. Bd6 h5 22. Rac1 Rc6 23. f4 Rb2 24. Rb1 Rxa2 25. f5 Bxf5 26. Rb8+ Kh7
27. Rxd5 Be4 28. Rxh5+ Kg6 29. Rh4 f5 30. Rg8 Bd5 31. Rf8 c3 32. g4 c2 33.
gxf5+ Kg5 34. Be7+ Rf6 0-1

[Event "FRA T I 120102011"]
[Site "FRA"]
[Date "2010.11.13"]
[Round "2.2"]
[White "Bellaiche, Antony"]
[Black "Le Corre, Benjamin"]
[Result "1-0"]
[WhiteElo "2462"]
[BlackElo "2307"]
[PlyCount "65"]
[EventDate "2010.10.17"]
[EventType "team-match"]
[EventRounds "9"]
[EventCountry "FRA"]
[Source "FFE"]
[SourceDate "2010.10.29"]
[WhiteTeam "Deauville"]
[BlackTeamCountry "FRA"]

1. d4 Nf6 2. c4 g6 3. Nc3 Bg7 4. e4 d6 5. Nf3 O-O 6. Be2 e5 7. O-O Nc6 8. d5
Ne7 9. b4 Nh5 10. Re1 f5 11. Ng5 Nf6 12. f3 Kh8 13. Rb1 Ne8 14. c5 Bf6 15. Ne6
Bxe6 16. dxe6 Ng7 17. Bc4 dxc5 18. bxc5 Nc6 19. Qxd8 Raxd8 20. Rxb7 Na5 21.
Rxc7 Nxc4 22. e7 Bxe7 23. Rxe7 f4 24. Na4 Rb8 25. c6 Rfc8 26. c7 Rb1 27. Nc3
Ra1 28. Bd2 Rxe1+ 29. Bxe1 Kg8 30. Nb5 Ne8 31. Nxa7 Rxc7 32. Rxe8+ Kf7 33. Rc8
1-0

[Event "FRA T I 120102011"]
[Site "FRA"]
[Date "2010.11.14"]
[Round "3.7"]
[White "Azadharf, Farrokh"]
[Black "Fougerit, Valentin"]
[Result "1-0"]
[WhiteElo "2230"]
[BlackElo "2208"]
[PlyCount "65"]
[EventDate "2010.10.17"]
[EventType "team-match"]
[EventRounds "9"]
[EventCountry "FRA"]
[Source "FFE"]
[SourceDate "2010.10.29"]
[BlackTeamCountry "FRA"]

1. e4 e5 2. Nf3 Nf6 3. Nc3 Nc6 4. Bb5 Bc5 5. d3 Nd4 6. Ba4 O-O 7. Bg5 c6 8. h3
Qb6 9. O-O Qxb2 10. Bxf6 Qxc3 11. Nxd4 Qxd4 12. Qg4 g6 13. Qg5 Re8 14. Bb3 Bf8
15. Kh1 d6 16. f4 Be6 17. fxe5 Bxb3 18. exd6 Qxd6 19. e5 Qc5 20. cxb3 a5 21.
Rf4 Qe3 22. Raf1 a4 23. bxa4 Ra5 24. R1f3 Qd2 25. Kh2 Rc5 26. d4 Rc2 27. Qg4
Rc1 28. Qd7 Ra8 29. Bg5 Qxa2 30. Rxf7 Rc2 31. Rxf8+ Rxf8 32. Rxf8+ Kxf8 33.
Bh6+ 1-0

[Event "FRA T I 120102011"]
[Site "FRA"]
[Date "2010.11.14"]
[Round "3.4"]
[White "Gaborit, Jean Pierre"]
[Black "Rabineau, Clement"]
[Result "1/2-1/2"]
[WhiteElo "2218"]
[BlackElo "2323"]
[PlyCount "65"]
[EventDate "2010.10.17"]
[EventType "team-match"]
[EventRounds "9"]
[EventCountry "FRA"]
[Source "FFE"]
[SourceDate "2010.10.29"]
[BlackTeamCountry "FRA"]

1. d4 Nf6 2. Bg5 Ne4 3. Bf4 c5 4. f3 Nf6 5. d5 d6 6. e4 g6 7. c4 Bg7 8. Nc3 O-O
9. Qd2 Nh5 10. Bg5 a6 11. a4 Re8 12. g4 Nf6 13. Nge2 Nbd7 14. Ng3 Qa5 15. Ra3
Ne5 16. Be2 Qb4 17. Na2 Qxd2+ 18. Bxd2 h6 19. h4 Nh7 20. h5 g5 21. Bc3 Nf8 22.
Kd2 a5 23. Nc1 b6 24. b3 Nfd7 25. Nf5 Nb8 26. Bxe5 dxe5 27. Ng3 Rd8 28. Bd3 Na6
29. Nce2 Nc7 30. Nc3 Ne8 31. Nb5 Nd6 32. Ke2 Kf8 33. Raa1 1/2-1/2

[Event "FRA T I 120102011"]
[Site "FRA"]
[Date "2010.11.13"]
[Round "2.6"]
[White "Geffroy, Laurent"]
[Black "Sorin, Baptiste"]
[Result "0-1"]
[WhiteElo "2221"]
[BlackElo "2223"]
[PlyCount "66"]
[EventDate "2010.10.17"]
[EventType "team-match"]
[EventRounds "9"]
[EventCountry "FRA"]
[Source "FFE"]
[SourceDate "2010.10.29"]
[WhiteTeam "Issy-Les-Moulineaux"]
[BlackTeam "Sautron"]
[WhiteTeamCountry "FRA"]
[BlackTeamCountry "FRA"]

1. d4 d5 2. c4 e6 3. Nc3 Nf6 4. cxd5 exd5 5. Bg5 Be7 6. e3 O-O 7. Bd3 Nbd7 8.
Nf3 b6 9. O-O Bb7 10. Rc1 c5 11. Qe2 Ne4 12. Bf4 a6 13. Rfd1 Nxc3 14. Rxc3 c4
15. Bb1 b5 16. Ne5 Nxe5 17. Bxe5 g6 18. e4 dxe4 19. Bxe4 Bxe4 20. Qxe4 Bf6 21.
f4 Bg7 22. Bxg7 Kxg7 23. f5 Re8 24. Qf4 h6 25. Rf1 Qf6 26. Rh3 g5 27. Qg4 Rad8
28. Rd1 Rd5 29. Rf3 Red8 30. Rf4 h5 31. Qg3 Rxd4 32. Rdf1 Rxf4 33. Rxf4 Rd1+
0-1

[Event "FRA T I 120102011"]
[Site "FRA"]
[Date "2010.11.14"]
[Round "3.4"]
[White "Stephan, Victor"]
[Black "Chomet, Pascal"]
[Result "1-0"]
[WhiteElo "2241"]
[BlackElo "2331"]
[PlyCount "64"]
[EventDate "2010.10.17"]
[EventType "team-match"]
[EventRounds "9"]
[EventCountry "FRA"]
[Source "FFE"]
[SourceDate "2010.10.29"]
[WhiteTeamCountry "FRA"]
[BlackTeamCountry "FRA"]

1. Nf3 d6 2. d4 g6 3. c4 Bg7 4. Nc3 Nf6 5. e4 O-O 6. Be2 e5 7. O-O Nbd7 8. Qc2
Re8 9. Rd1 c6 10. d5 c5 11. Bg5 h6 12. Bd2 Nh5 13. g3 Ndf6 14. Rab1 Bh3 15. b4
cxb4 16. Rxb4 b6 17. Nh4 Nd7 18. Bxh5 gxh5 19. Be3 Nf6 20. a4 Ng4 21. Bc1 Nf6
22. Qe2 Qd7 23. Rd2 Rac8 24. Rdb2 Rc5 25. Nb5 a5 26. R4b3 Rec8 27. Rc2 Bf8 28.
Ba3 Be7 29. Bxc5 Rxc5 30. Nc3 Bd8 31. Rb5 Qe8 32. Rxc5 dxc5 {suite illisible}
1-0

[Event "FRA T I 120102011"]
[Site "FRA"]
[Date "2010.11.14"]
[Round "3.1"]
[White "Kulaots, Kaido"]
[Black "Bedouin, Xavier"]
[Result "1/2-1/2"]
[WhiteElo "2580"]
[BlackElo "2404"]
[PlyCount "64"]
[EventDate "2010.10.17"]
[EventType "team-match"]
[EventRounds "9"]
[EventCountry "FRA"]
[Source "FFE"]
[SourceDate "2010.10.29"]
[WhiteTeam "Deauville"]
[BlackTeamCountry "FRA"]

1. e4 e5 2. Nf3 Nf6 3. Nc3 Nc6 4. Bb5 Nd4 5. Bc4 Bc5 6. Nxe5 Qe7 7. Nf3 d5 8.
Bxd5 Nxd5 9. Nxd5 Qxe4+ 10. Ne3 Nxf3+ 11. Qxf3 Qxf3 12. gxf3 f6 13. b3 Bd7 14.
Bb2 Kf7 15. O-O-O Rhe8 16. d4 Bd6 17. d5 Bf4 18. Bd4 c6 19. Kb2 Bxe3 20. fxe3
cxd5 21. a4 a6 22. a5 Bf5 23. Rd2 Rac8 24. Ra1 h5 25. Ra4 Bd7 26. Rb4 Bc6 27.
f4 Ke6 28. Rf2 Kf5 29. Kc1 Re7 30. Kd2 Rh8 31. Ke2 Rh6 32. Rg2 Rg6 1/2-1/2

[Event "FRA T I 120102011"]
[Site "FRA"]
[Date "2010.11.14"]
[Round "3.8"]
[White "Restout, Bruce"]
[Black "Chauvet, Adele"]
[Result "1-0"]
[WhiteElo "2041"]
[BlackElo "1530"]
[PlyCount "61"]
[EventDate "2010.10.17"]
[EventType "team-match"]
[EventRounds "9"]
[EventCountry "FRA"]
[Source "FFE"]
[SourceDate "2010.10.29"]
[BlackTeamCountry "FRA"]

1. d4 Nf6 2. c4 g6 3. Nc3 Bg7 4. Nf3 O-O 5. e4 d6 6. Be2 c6 7. O-O Nbd7 8. Bg5
h6 9. Bf4 Qe8 10. Qd2 Kh7 11. e5 dxe5 12. dxe5 Ng8 13. h4 Nb6 14. Qe3 Bg4 15.
Ne4 Bxf3 16. Qxf3 Qc8 17. Bd3 Rd8 18. h5 Nd7 19. e6 Nf8 20. exf7 Nf6 21. hxg6+
Nxg6 22. Nxf6+ Bxf6 23. Bxg6+ Kxg6 24. Qe4+ Kg7 25. Rad1 Rf8 26. Rd3 Kxf7 27.
Qh7+ Bg7 28. Bxh6 Qg4 29. Bxg7 Rg8 30. Bc3+ Ke8 31. Rg3 1-0